Informe anual sobre el estado del medio ambiente y los recursos naturales renovables en Colombia (Registro nro. 4535)

Detalles MARC
000 -CABECERA
Campo de control 00884nam a2200181 a 4500
090 ## - CLASIFICACIÓN LOCAL
Colección IAVH
Consecutivo 00338
041 ## - IDIOMA
Código de idioma para texto/pista de sonido o título separado Español
110 ## - ASIENTO PRINCIPAL--NOMBRE CORPORATIVO
Nombre corporativo o de jurisdicción como elemento de entrada Colombia
Unidad subordinad Ministerio de Ambiente, Vivienda y Desarrollo Territorial
245 ## - MENCION DE TITULO
Título Informe anual sobre el estado del medio ambiente y los recursos naturales renovables en Colombia
260 ## - PUBLICACION, DISTRIBUCION, ETC. (PIE DE IMPRENTA)
Lugar de publicación, distribución, etc. Bogotá
Nombre del editor, distribuidor, etc. IDEAM
-- IAvH
-- SINCHI
-- INVEMAR
-- IIAP
-- IGAC
-- Ingeominas
Fecha de publicación, distribución, etc. 2004
300 ## - DESCRIPCION FISICA
Extensión 256 p.
710 ## - ASIENTO SECUNDARIO - NOMBRE CORPORATIVO
Nombre corporativo o de jurisdicción como elemento de entrada ^aInstituto de Hidrología, Meteorogía y Estudios Ambientales
710 ## - ASIENTO SECUNDARIO - NOMBRE CORPORATIVO
Nombre corporativo o de jurisdicción como elemento de entrada ^aInstituto de Investigaciones Marinas y Costeras José Benito Vives de Andréis
710 ## - ASIENTO SECUNDARIO - NOMBRE CORPORATIVO
Nombre corporativo o de jurisdicción como elemento de entrada ^aInstituto de Investigaciones Ambientales del Pacífico
710 ## - ASIENTO SECUNDARIO - NOMBRE CORPORATIVO
Nombre corporativo o de jurisdicción como elemento de entrada ^aInstituto Amazónico de Investigaciones Científicas
710 ## - ASIENTO SECUNDARIO - NOMBRE CORPORATIVO
Nombre corporativo o de jurisdicción como elemento de entrada ^aUnidad Administrativa Especial del Sistema de Parques Nacionales Naturales
942 ## - ELEMENTOS ADICIONALES (KOHA)
Tipo de ítem
Existencias
Withdrawn status Lost status Sistema de Clasificación Damaged status No para préstamo Colección Inventariado Ubicación Permanente Ubicación actual Fecha de adquisición Fuente de Valor Valor Total Checkouts Número topográfico Inventario / Código de Barras Date last seen Ejemplar Price effective from Forma de adquisición Tipo de material
    Dewey Decimal Classification     Humboldt Inventariado 2017 Bogotá Bogotá 25/05/2005 Instituto 30000.00   IAVH-333.71 M66i 016959 04/12/2012 Ej.2 04/12/2012 Institucional Libro
    Dewey Decimal Classification     Humboldt Inventariado 2017 Bogotá Bogotá 25/05/2005 Instituto 30000.00   IAVH-333.71 M66i 018472 04/12/2012 Ej.1 04/12/2012 Institucional Libro
    Dewey Decimal Classification     Humboldt   Bogotá Bogotá 26/12/2019       IAVH-333.71 M66i 043940 26/12/2019 Ej.4 26/12/2019 Institucional Libro
    Dewey Decimal Classification     Humboldt Inventariado 2017 Sala Fabio Quevedo Sala Fabio Quevedo 18/07/2014 Instituto 30000.00   IAVH-333.71 M66i 016958 04/12/2012 Ej. 3 04/12/2012   Libro
          Humboldt Inventariado 2017 Villa de Leyva Villa de Leyva 25/05/2005 Instituto 30000.00   IAVH-00338 016957 04/12/2012 Ej.1 04/12/2012   Libro